|
|
|
|
| LEADER |
02323cem a2200469 a 4500 |
| 001 |
c000380689 |
| 003 |
CARM |
| 005 |
20110603154321.0 |
| 007 |
aj canzn |
| 008 |
110603s1982 acadg a f 0 eng d |
| 019 |
1 |
|
|a 50076445
|5 LACONCORD2021
|
| 034 |
1 |
|
|a a
|b 100000
|d E1383000
|e E1390000
|f S0182200
|g S0191000
|
| 035 |
|
|
|a (OCoLC)81087849
|5 LACONCORD2021
|
| 040 |
|
|
|a PSt
|c UPM
|d UPM
|d OCLCQ
|
| 043 |
|
|
|a u-at-qn
|
| 052 |
|
|
|a 9002
|b L3
|b P5
|
| 110 |
1 |
|
|a Australia.
|b Bureau of Mineral Resources, Geology and Geophysics.
|
| 245 |
1 |
0 |
|a Geology of the Lawn Hill region, Queensland /
|c geology ... compiled 1976-77 by I.P. Sweet ... [et al.] ; edited 1981 by G.W. D'Addario, R.A. Chan, A.S. Mikolajczak.
|
| 246 |
1 |
|
|i Alternate title:
|a Australia 1:100 000 geological special
|
| 250 |
|
|
|a 1st ed. 1982.
|
| 255 |
|
|
|a Scale 1:100,000
|c (E 138°30ʹ--E 139°00ʹ/S 18°22ʹ--S 19°10ʹ).
|
| 260 |
|
|
|a [Canberra] :
|b Published by the Bureau of Mineral Resources, Geology and Geophysics, Dept. of National Development and Energy,
|c c1982.
|
| 300 |
|
|
|a 1 map :
|b col. ;
|c 89 x 53 cm., on sheet 108 x 89 cm.
|
| 500 |
|
|
|a Relief shown by hachures and spot heights.
|
| 500 |
|
|
|a "Prepared in collaboration with the Geological Survey of Queensland."
|
| 500 |
|
|
|a "Design by Cartography Section, BMR."
|
| 500 |
|
|
|a "Drawn by Drafting and Support Services, Canberra."
|
| 500 |
|
|
|a Includes index to 1:100,000 maps, location map, grid reference diagram, descriptive stratigraphic column, 2 col. ancillary maps, 2 col. cross-sections, and notes.
|
| 650 |
|
0 |
|a Geology
|z Australia
|z Lawn Hill Creek Region (Qld.)
|v Maps.
|
| 650 |
|
0 |
|a Geology
|z Australia
|z Ploughed Mountain Region (Qld.)
|v Maps.
|
| 650 |
|
0 |
|a Geology
|z Australia
|z Queensland
|v Maps.
|
| 700 |
1 |
|
|a Sweet, I. P.
|
| 700 |
1 |
|
|a D'Addario, G. W.
|
| 700 |
1 |
|
|a Chan, R. A.
|
| 700 |
1 |
|
|a Mikolajczak, A. S.
|
| 710 |
1 |
|
|a Australia.
|b Dept. of National Development and Energy
|
| 710 |
2 |
|
|a Geological Survey of Queensland.
|
| 852 |
8 |
|
|b CARM
|p 0572846
|f MP
|
| 852 |
8 |
|
|b SCAN
|h A3:AG03C0
|i F07957
|p 0572846
|f MP
|
| 999 |
f |
f |
|i ba503f93-0fcb-548c-a684-6f6b06f03eab
|s 34986573-552f-549e-8075-259ae72f4920
|
| 952 |
f |
f |
|p Can circulate
|a CAVAL
|b CAVAL
|c CAVAL
|d CARM 1 Store
|i unspecified
|m 0572846
|
| 952 |
f |
f |
|a CAVAL
|b CAVAL
|c CAVAL
|d Unmapped Location
|e F07957
|f A3:AG03C0
|h Other scheme
|